What The Hell Just Happened? - Remember Monday (All Lyrics) - Statistics

General Stats
  • This quiz has been taken 16 times
  • The average score is 186 of 265
Answer Stats
Answer % Correct
a
100%
happened?
100%
Happened?
100%
hell
100%
I
100%
I'm
100%
just
100%
the
100%
What
100%
what
100%
You
100%
you
100%
but
89%
in
89%
it
89%
last
89%
When
89%
do
78%
like,
78%
like
78%
lost
78%
me
78%
my
78%
night,
78%
No
78%
no)
78%
shoe
78%
Someone
78%
still
78%
To
78%
up
78%
"What's
78%
and
67%
are
67%
clue,
67%
into
67%
is
67%
liked
67%
make
67%
new
67%
night's
67%
oh
67%
(Oh)
67%
(Oh
67%
on
67%
pool
67%
should
67%
tattoo?"
67%
this
67%
too,
67%
too
67%
chandelier,
56%
Clutch
56%
don't
56%
fell
56%
from
56%
jumped
56%
kiss
56%
know
56%
sip
56%
stranger
56%
tea
56%
two,
56%
wakin'
56%
wanna
56%
Beauty
44%
can
44%
clean
44%
Ears
44%
ex,
44%
ex
44%
head,
44%
heel,
44%
idea,
44%
it's
44%
It's
44%
keep
44%
keys,
44%
mess,
44%
not
44%
(One,
44%
one,
44%
pearls
44%
real
44%
ringing
44%
roof,
44%
roof
44%
Room
44%
spinning
44%
three)
44%
was
44%
Went
44%
(Yeah)
44%
at
33%
been
33%
best
33%
Broke
33%
confess
33%
dress,
33%
(Freedom)
33%
hard
33%
I'll
33%
knee
33%
Look
33%
(Look
33%
mind,
33%
obsessed,
33%
scraped
33%
shave
33%
sleep,
33%
that
33%
usually
33%
year
33%
blame
22%
called
22%
defence
22%
did
22%
expect
22%
now
22%
now)
22%
paint
22%
red,
22%
Ripped
22%
time
22%
town
22%
trend,
22%
unwind
22%
whole
22%
(Hey),
11%
(Hey)
11%
volunteered
11%
wreck
11%
woo
0%
Woo
0%
No matching quizzes found
Score Distribution
Percent of People with Each Score
Percentile by Number Answered
Your Score History
You have not taken this quiz